| 000 | 00559nam a2200205Ia 4500 | ||
|---|---|---|---|
| 003 | OSt | ||
| 005 | 20230417115011.0 | ||
| 008 | 210423s2006 xx 000 0 und d | ||
| 020 | _a8183550886 | ||
| 040 | _cAL | ||
| 041 | _aeng | ||
| 082 |
_a516.16 _223 _bLONS |
||
| 100 |
_aLONEY (S L). _989341 |
||
| 245 | _aElements of coordinate geometry: cartesian coordinate part one. | ||
| 260 |
_aNoida _bG K Publishers _c2006 |
||
| 300 |
_a16.63 _bPB |
||
| 365 |
_b240 _cINR |
||
| 906 | _acartesian ; coordinate ; Elements ; geometry: ; one. | ||
| 942 |
_2ddc _cBK |
||
| 999 |
_c160557 _d160557 |
||